English for science and technology : A handbook for nonnative speakers
This book contains review of basic writing principles, elements in preparing to communicate, visual effects, major genres of technical reporting...
Đã lưu trong:
| Tác giả chính: | |
|---|---|
| Định dạng: | Sách |
| Ngôn ngữ: | Undetermined |
| Được phát hành: |
New York
McGraw-Hill
1983
|
| Những chủ đề: | |
| Các nhãn: |
Thêm thẻ
Không có thẻ, Là người đầu tiên thẻ bản ghi này!
|
| Thư viện lưu trữ: | Trung tâm Học liệu Trường Đại học Cần Thơ |
|---|
| LEADER | 00807nam a2200229Ia 4500 | ||
|---|---|---|---|
| 001 | CTU_186773 | ||
| 008 | 210402s9999 xx 000 0 und d | ||
| 020 | |c 49.2 | ||
| 082 | |a 808.0665021 | ||
| 082 | |b H882 | ||
| 100 | |a Huckin, Thomas N. | ||
| 245 | 0 | |a English for science and technology : | |
| 245 | 2 | |b A handbook for nonnative speakers | |
| 245 | 0 | |c Thomas N. Huckin, Leslie A. Olsen | |
| 260 | |a New York | ||
| 260 | |b McGraw-Hill | ||
| 260 | |c 1983 | ||
| 520 | |a This book contains review of basic writing principles, elements in preparing to communicate, visual effects, major genres of technical reporting... | ||
| 650 | |a Technical writing,Văn bản kỹ thuật | ||
| 650 | |x English-speaking countries | ||
| 904 | |i Trúc | ||
| 980 | |a Trung tâm Học liệu Trường Đại học Cần Thơ | ||